| 000 | 00683nam a2200217Ia 4500 | ||
|---|---|---|---|
| 003 | IN-BaIIA | ||
| 008 | 211028s9999 xx 000 0 eng d | ||
| 020 | _a978-0-691-16577-6 | ||
| 040 | _cIIA Library | ||
| 080 |
_a524.8 _bOST |
||
| 100 |
_aOstriker, Jeremiah P _936420 |
||
| 245 | 0 |
_aHeart of darkness _bunraveling the mysteries of the invisible universe _cJeremiah P Ostriker and Simon Mitton |
|
| 260 |
_aPrinceton _bPrinceton University Press _c2013 |
||
| 300 | _axxi, 299p. | ||
| 490 | _aScience essentials | ||
| 650 | _aCosmology | ||
| 650 |
_aDark energy (Astronomy) _932927 |
||
| 650 |
_aDark matter (Astronomy) _930642 |
||
| 700 |
_aMitton, Simon _99544 |
||
| 942 | _cBK | ||
| 999 |
_c19073 _d19073 |
||